Leadership : (Record no. 41693)
[ view plain ]
| 000 -LEADER | |
|---|---|
| fixed length control field | 00444nam a22001457a 4500 |
| 008 - FIXED-LENGTH DATA ELEMENTS--GENERAL INFORMATION | |
| fixed length control field | 130218b xxu||||| |||| 00| 0 eng d |
| 020 ## - INTERNATIONAL STANDARD BOOK NUMBER | |
| International Standard Book Number | 9780199569915 |
| 050 ## - LIBRARY OF CONGRESS CALL NUMBER | |
| Classification number | HD57.7 |
| Item number | .G75 2010 |
| 100 ## - MAIN ENTRY--PERSONAL NAME | |
| Personal name | Grint, Keith |
| 245 ## - TITLE STATEMENT | |
| Title | Leadership : |
| Remainder of title | a very short introduction / |
| Statement of responsibility, etc | Keith Grint |
| 260 ## - PUBLICATION, DISTRIBUTION, ETC. (IMPRINT) | |
| Place of publication, distribution, etc | New York |
| Name of publisher, distributor, etc | Oxford University Press |
| Date of publication, distribution, etc | 2010 |
| 300 ## - PHYSICAL DESCRIPTION | |
| Extent | 142 p. : |
| Other physical details | ill. ; |
| Dimensions | 18 cm. |
| 440 ## - SERIES STATEMENT/ADDED ENTRY--TITLE | |
| Title | Very short introductions, 237. |
| 942 ## - ADDED ENTRY ELEMENTS (KOHA) | |
| Source of classification or shelving scheme | Library of Congress Classification |
| Item type | Book |
| Withdrawn status | Lost status | Source of classification or shelving scheme | Damaged status | Not for loan | Collection code | Home library | Current library | Shelving location | Date acquired | Source of acquisition | Total Checkouts | Total Renewals | Full call number | Barcode | Date last seen | Date last borrowed | Copy number | Price effective from | Koha item type |
|---|---|---|---|---|---|---|---|---|---|---|---|---|---|---|---|---|---|---|---|
| Library of Congress Classification | Non-fiction | Bishop Okullu Memorial Library (Limuru Campus) | Bishop Okullu Memorial Library (Limuru Campus) | General Circulation | 18/02/2013 | purchase | 18 | 2 | HD57.7 .G75 2010 | 034716 | 22/07/2025 | 24/06/2025 | 1 | 18/02/2013 | Book |